000 00244nam a22001217a 4500
008 170303b xxu||||| |||| 00| 0 eng d
041 _aeng
080 _a575
100 _a6
101 _aSHM
245 _aEVULITION
_cRIDLEY.M
942 _2udc
_cBK
999 _c6733
_d6733